[Event "Napoli Vomero Inverno op 6th"]
[Site "Napoli"]
[Date "2011.01.14"]
[Round "1"]
[White "Morace, Vitaliano"]
[Black "Taurisano, Vincenzo"]
[Result "0-1"]
[WhiteElo "1607"]
[BlackElo "1863"]
[PlyCount "96"]
[EventDate "2011.01.14"]
[EventType "swiss"]
[EventRounds "7"]
[EventCountry "ITA"]
[SourceTitle "EXT 2012"]
[Source "ChessBase"]
[SourceDate "2011.11.24"]
[SourceVersion "1"]
[SourceVersionDate "2011.11.24"]
[SourceQuality "1"]

1. e4 c6 2. d4 d5 3. Nc3 dxe4 4. Nxe4 Nd7 5. Nf3 Ngf6 6. Bd3 Nxe4 7. Bxe4 Nf6 8. Qd3 Nxe4 9. Qxe4 Qd5 10. Qxd5 cxd5 11. Bf4 e6 12. 0-0 Be7 13. Rfe1 0-0 14. c3 Rd8 15. Ne5 a6 16. a4 f6 17. Nd3 Kf7 18. Re3 Bd6 19. Bxd6 Rxd6 20. Rc1 b5 21. b3 bxa4 22. bxa4 Rb8 23. Ree1 a5 24. Rb1 Rdb6 25. Rxb6 Rxb6 26. Nc5 Rb2 27. Rc1 Ke7 28. f4 Kd6 29. g4 e5 30. fxe5+ fxe5 31. g5 e4 32. c4 Bf5 33. Rc3 Rb4 34. cxd5 Kxd5 35. Nb3 Rc4 36. Rxc4 Kxc4 37. Nxa5+ Kxd4 38. Nc6+ Kc5 39. Ne7 Bd7 40. Kf2 Kd6 41. a5 Kxe7 42. Ke3 Bc6 43. h4 Kd6 44. Kd4 g6 45. a6 Ba8 46. a7 Bc6 47. Ke3 Ke5 48. Kd2 Kf4 0-1